000 01142nas a2200385 4500
001 BR0701078
003 BR-BrBNA
005 20231205110617.0
007 ta
008 230509b bl.|||p| |||| 00| 00por d
040 _aBR-BrBNA
_bpor
_cBiblioteca Nacional de Agricultura
041 _a(Pt)
072 _aL02
100 1 _aMoraes, E.H.B.K. de
100 1 _aPaulino, M.F.
100 1 _aZervoudakis, J.T.
100 1 _aDetmann, E.
100 1 _aValadares Filho, S. de C.
100 1 _aValadares, R.F.D.
100 1 _aMoraes, K.A.K. de
245 1 _aNíveis de proteína em suplementos para novilhos mestiços em pastejo durante o período de transição seca/águas
650 _aGADO MESTIÇO
650 _aNOVILHO
650 _aGADO ZEBU
650 _aGADO HOLANDÊS
650 _aPASTEJO
650 _aPROTEÍNA
650 _aSUPLEMENTO ALIMENTAR
650 _aAMÔNIA
650 _aPH
650 _aGANHO DE PESO
773 0 _tRevista Brasileira de Zootecnia (Brazil)
_xISSN 1516-3598
_g(Sep-Oct 2006), v. 35(5) p. 2135-2143
_wBR0701078
909 _a202311
_bLúcia
_c55
_dLúcia Elande
942 _2AGRIS
_n0
_cANA
999 _c188168
_d188168